00453nam a2200169Ia 450000500170000000800410001704000190005804100120007708200150008910000220010424500460012626000420017230000170021450400190023165000230025085000100027320230425115112.0131103s9999 xx 000 0 und d aLoreto College aEnglish a823.7bSCO aScott, Sir Walter 4aThe bride of lammermoorcSir Walter Scott aLondonbOxford university pressc1925 a419p.b ill. aIncludes index aEnglish literature aLCLIB